000 01986nam2a22003731 4500
001 RU\NLR\Per\693430
005 20260407214303.0
035 _a(NLR Aleph) 002941255
090 _a3801715
_c3801715
100 _a20100714d2010 |||y0rusy50 ca
101 0 _arus
102 _aRU
105 _ay |||||||||
200 1 _aПо материалам XVI Международного симпозиума "Оптика атмосферы и океана. Физика атмосферы", [12-15 окт. 2009 г., Томск].
210 _d2010
_aБ. м.
215 _a418 с.
_cил.
_d28
300 _aРез. на англ. яз.
320 _aБиблиогр. в конце ст.
461 0 _1001RU\NLR\INFOCOMM15\1000129989
_12001#$aОптика атмосферы и океана$eЕжемес. науч.-теорет. журн.$fРос. акад. наук$vТ. 23, № 5
_93392001
_cТомск
_d1988-
_fРос. акад. наук
_nМГП "Раско"
_oЕжемес. науч.-теорет. журн.
_tОптика атмосферы и океана
_vТ. 23, № 5
606 1 _aАтмосферная оптика
_jСъезды, совещания и т.п.
_9932527
_3RU\NLR\AUTH\6625052
606 1 _aМоря и океаны
_jСъезды, совещания и т.п.
_xОптические явления
_91281339
_3RU\NLR\AUTH\66210721
606 1 _aАтмосфера
_jСъезды, совещания и т.п.
_xФизика
_91043338
_3RU\NLR\AUTH\6684126
686 1 _aД234.2я431(0)
686 1 _aД221.6я431(0)
686 1 _aД23я431(0)
710 1 2 _a"Оптика атмосферы и океана. Физика атмосферы", международный симпозиум
_d16
_f2009
_eТомск
_3RU\NLR\AUTH\8810143951
_9782431
801 0 _aRU
_bNLR
_c20070620
_gpsbo
801 1 _aRU
_bNLR
_c20070620
_2rusmarc
801 2 _aRU
_bNLR
_c20071129
_2rusmarc
852 _aNLR
_jП8/1329
942 _cISSUE
980 _aNB
980 _aRUSPER